000 00385nam a2200157Ia 4500
003 OSt
005 20230605123501.0
008 211028s2011 xx 000 0 und d
040 _cAIMIT LIBRARY
041 _aeng
100 _aRamesh, Nikhil; Vijay, Suchetha.
_98290
_e91920
110 _aSuchetha Vijay
_98291
245 _aBizPro.
260 _aMangalore
_c2011
942 _2ddc
_cPRO
999 _c219814
_d219814